| 000 | 00534nai a22001697a 4500 | ||
|---|---|---|---|
| 003 | OSt | ||
| 005 | 20160927170201.0 | ||
| 008 | 160902b xxu||||| |||| 00| 0 eng d | ||
| 040 |
_aBMC _cBMC |
||
| 082 | _a370.7284 | ||
| 110 | 1 |
_97383 _aEl Salvador _bMinisterio de Educación |
|
| 245 | 1 | 0 |
_aLos educadores y la comunidad _cMinisterio de Educación |
| 260 |
_aSan Salvador (El Salvador) _bMinisterio de Educación, Programa EDUCO _c1996 |
||
| 300 |
_a143 p. _bil. _c27 cm |
||
| 650 | 2 | 4 |
_919100 _aEducación _zEl Salvador |
| 942 |
_2ddc _cPR |
||
| 999 |
_c25759 _d25759 |
||